000 00487nam a2200169Ia 4500
999 _c22095
_d22095
003 OSt
005 20200319140723.0
008 190216s9999||||xx |||||||||||||| ||und||
040 _coclc
082 _a297
_bMOU/I
100 _aMoudoodi, Abul Ala
_91860
245 0 _aIslaminte Sandesham /
_cAbul Ala Moudoodi
260 _bIslamic Publishing House,
_c1967.
_aKozhikode:
300 _a31p
650 _aIslamic History
942 _cBK
_2ddc
_h297
_iMOU/I
_k297
_mMOU/I